000 00522nam a2200157 a 4500
001 000037266
005 20200930080242.0
008 120321s2007 ve 000 0 spa d
020 _a9879803969769
040 _aDO-SdBNP
_bspa
_cBNPHU
100 1 _aTaibo, Carlos
_963689
245 1 0 _aCien preguntas sobre el nuevo desorden /
_cCarlos Taibo.
260 _aCaracas :
_bFundación Editorial el Perro y la Rana,
_bBiblioteca Popular para los Consejos Comunales,
_c2007.
300 _a262 p. ;
_c22 cm.
500 _aIncluye notas
999 _c36756
_d36756